| 000 -CABECERA |
| Longitud fija campo de control |
00588nam a2200193 a 4500 |
| 001 - NÚMERO DE CONTROL |
| Número de control |
1734 |
| 003 - IDENTIFICADOR DEL NÚMERO DE CONTROL |
| Identificador del número de control |
CDMR |
| 005 - FECHA Y HORA DE LA ÚLTIMA TRANSACCIÓN |
| Fecha y hora de la última transacción |
20151026104202.0 |
| 008 - CÓDIGOS DE INFORMACIÓN DE LONGITUD FIJA |
| Códigos de información de longitud fija |
130130s1972||||||||||||||||||||||||||||d |
| 040 ## - FUENTE DE LA CATALOGACIÓN |
| Centro catalogador de origen |
CDMR |
| Lengua de catalogación |
cat |
| Centro transcriptor |
CDMR |
| 100 1# - PUNTO DE ACCESO PRINCIPAL-NOMBRE DE PERSONA |
| Nombre de persona |
Haskobek, Slavoj |
| 9 (RLIN) |
1294 |
| 245 10 - MENCIÓN DE TÍTULO |
| Título |
Introduction to news agency journalism |
| Mención de responsabilidad, etc. |
Slavoj Haskovec, Faroslav First |
| 260 ## - PUBLICACIÓN, DISTRIBUCIÓN, ETC. (PIE DE IMPRENTA) |
| Lugar de publicación, distribución, etc. |
Praga |
| Fecha de publicación, distribución, etc. |
1972 |
| Nombre del editor, distribuidor, etc. |
International Organization of Journalists |
| 300 ## - DESCRIPCIÓN FÍSICA |
| Extensión |
138 p. |
| 490 0# - MENCIÓN DE SERIE |
| Mención de serie |
Journalist Library |
| Designación de volumen o secuencia |
5 |
| 650 04 - PUNTO DE ACCESO ADICIONAL DE MATERIA - TÉRMINO DE MATERIA |
| 9 (RLIN) |
3782 |
| Término de materia o nombre geográfico como elemento inicial |
Periodistes |
| Subdivisión de materia general |
Pràctica professional |
| 650 04 - PUNTO DE ACCESO ADICIONAL DE MATERIA - TÉRMINO DE MATERIA |
| 9 (RLIN) |
1890 |
| Término de materia o nombre geográfico como elemento inicial |
Agències de notícies |
| 942 ## - ENTRADA DE ELEMENTOS AGREGADOS (KOHA) |
| Koha [por defecto] tipo de item |
Monografies |
| Fuente de clasificaión o esquema |
|